Detalles MARC
| 000 -LEADER |
| fixed length control field |
02868nam a2200517Ii 4500 |
| 001 - CONTROL NUMBER |
| control field |
DIGPOLIF0101 |
| 003 - CONTROL NUMBER IDENTIFIER |
| control field |
NyNyDIG |
| 006 - FIXED-LENGTH DATA ELEMENTS--ADDITIONAL MATERIAL CHARACTERISTICS |
| fixed length control field |
m o d |
| 007 - PHYSICAL DESCRIPTION FIXED FIELD--GENERAL INFORMATION |
| fixed length control field |
cr ||||||||||| |
| 008 - FIXED-LENGTH DATA ELEMENTS--GENERAL INFORMATION |
| fixed length control field |
150303s2003 sp af ob 000 0 spa d |
| 035 ## - SYSTEM CONTROL NUMBER |
| System control number |
(OCoLC)891682109 |
| 040 ## - CATALOGING SOURCE |
| Original cataloging agency |
DGITA |
| Language of cataloging |
eng |
| Description conventions |
rda |
| -- |
pn |
| Transcribing agency |
DGITA |
| 020 ## - INTERNATIONAL STANDARD BOOK NUMBER |
| Canceled/invalid ISBN |
8486547687 |
| 020 ## - INTERNATIONAL STANDARD BOOK NUMBER |
| Canceled/invalid ISBN |
9788486547684 |
| 043 ## - GEOGRAPHIC AREA CODE |
| Geographic area code |
mm----- |
| 050 14 - LIBRARY OF CONGRESS CALL NUMBER |
| Classification number |
PA4167 eBook |
| 245 00 - TITLE STATEMENT |
| Title |
Sobre la Odisea : |
| Remainder of title |
visiones desde el mito y la arqueología / |
| Statement of responsibility, etc. |
Paloma Cabrera y Ricardo Olmos (coords.) ; ilustraciones de Sara Olmos. |
| 264 #1 - PRODUCTION, PUBLICATION, DISTRIBUTION, MANUFACTURE, AND COPYRIGHT NOTICE |
| Place of production, publication, distribution, manufacture |
Madrid : |
| Name of producer, publisher, distributor, manufacturer |
Ediciones Polifemo, |
| Date of production, publication, distribution, manufacture, or copyright notice |
2003. |
| 300 ## - PHYSICAL DESCRIPTION |
| Extent |
1 online resource (585 pages, xvi p. of plates) : |
| Other physical details |
illustrations |
| 336 ## - CONTENT TYPE |
| Content type term |
text |
| Content type code |
txt |
| Source |
rdacontent |
| 337 ## - MEDIA TYPE |
| Media type term |
computer |
| Media type code |
c |
| Source |
rdamedia |
| 338 ## - CARRIER TYPE |
| Carrier type term |
online resource |
| Carrier type code |
cr |
| Source |
rdacarrier |
| 490 1# - SERIES STATEMENT |
| Series statement |
El espejo navegante ; |
| Volume/sequential designation |
11 |
| 504 ## - BIBLIOGRAPHY, ETC. NOTE |
| Bibliography, etc. note |
Includes bibliographical references. |
| 505 0# - FORMATTED CONTENTS NOTE |
| Formatted contents note |
Un retorno a la Odisea ... desde la arqueología / Ricardo Olmos -- Las búsquedas del paisaje de la Odisea / Trinidad Tortosa -- "El hombre de muchos senderos ... (Odisea I, 1) / Carmen Marcos -- Egipto detrás de la Odisea / José Manuel Galán -- Ciudad, palacio y oikos: Espacios y arquitectura en la Odisea / Teresa Chapa -- Lavar con sangre la humillación: armas y valores del guerrero en la Odisea / Fernando Quesada -- Artesanos y mercaderes. La sanción divina del intercambio / Alicia Perea -- Sacrificio, banquete y ritual en la Odisea / Carmen Sánchez -- El mundo de los adivinos en la Odisea / Margarita Moreno -- Aspectos de la muerte y espacios del allende en Homero / Isabel Izquierdo -- Cuentos y folclore en Homero: La imagen del otro / Paloma Cabrera -- Una lectura femenina de la Odisea / Ricardo Olmos. |
| 588 0# - SOURCE OF DESCRIPTION NOTE |
| Source of description note |
Online resource; title from ePub and PDF title page (Digitalia, viewed March 20, 2015) |
| 600 00 - SUBJECT ADDED ENTRY--PERSONAL NAME |
| Personal name |
Homer. |
| Title of a work |
Odyssey. |
| 650 #0 - SUBJECT ADDED ENTRY--TOPICAL TERM |
| Topical term or geographic name entry element |
Excavations (Archaeology) |
| Geographic subdivision |
Mediterranean Region. |
| 650 #0 - SUBJECT ADDED ENTRY--TOPICAL TERM |
| Topical term or geographic name entry element |
Literature and history |
| Geographic subdivision |
Mediterranean Region. |
| 650 #0 - SUBJECT ADDED ENTRY--TOPICAL TERM |
| Topical term or geographic name entry element |
Epic poetry, Greek |
| General subdivision |
History and criticism. |
| 600 00 - SUBJECT ADDED ENTRY--PERSONAL NAME |
| Personal name |
Homer |
| General subdivision |
Knowledge |
| -- |
Mediterranean Region. |
| 650 #0 - SUBJECT ADDED ENTRY--TOPICAL TERM |
| Topical term or geographic name entry element |
Odysseus (Greek mythology) in literature. |
| 651 #0 - SUBJECT ADDED ENTRY--GEOGRAPHIC NAME |
| Geographic name |
Mediterranean region |
| General subdivision |
In literature. |
| 651 #0 - SUBJECT ADDED ENTRY--GEOGRAPHIC NAME |
| Geographic name |
Mediterranean region |
| General subdivision |
Antiquities. |
| 650 #0 - SUBJECT ADDED ENTRY--TOPICAL TERM |
| Topical term or geographic name entry element |
Mythology, Greek, in literature. |
| 655 #0 - INDEX TERM--GENRE/FORM |
| Genre/form data or focus term |
Electronic books. |
| 700 1# - ADDED ENTRY--PERSONAL NAME |
| Personal name |
Cabrera, Paloma, |
| Relator term |
editor. |
| 700 1# - ADDED ENTRY--PERSONAL NAME |
| Personal name |
Olmos Romera, Ricardo, |
| Relator term |
editor. |
| 791 2# - |
| -- |
Digitalia (Firm), |
| -- |
distributor. |
| 793 0# - |
| -- |
Digitalia eBook Collection: |
| -- |
Ediciones Polifemo. |
| 776 08 - ADDITIONAL PHYSICAL FORM ENTRY |
| Relationship information |
Print version: |
| Title |
Sobre la Odisea. |
| Place, publisher, and date of publication |
Madrid : Editorial Verbum, 2003 |
| International Standard Book Number |
9788486547684 |
| Record control number |
(OCoLC)55106449 |
| 830 #0 - SERIES ADDED ENTRY--UNIFORM TITLE |
| Uniform title |
Espejo navegante ; |
| Volume/sequential designation |
11 |
| 856 40 - ELECTRONIC LOCATION AND ACCESS |
| Materials specified |
Digitalia Hispánica |
| Uniform Resource Identifier |
<a href="https://www.digitaliapublishing.com/a/18950/">https://www.digitaliapublishing.com/a/18950/</a> |
| 910 ## - USER-OPTION DATA (OCLC) |
| User-option data |
Premium Collection: 2015 |
| 942 ## - ADDED ENTRY ELEMENTS (KOHA) |
| Koha item type |
Recurso Electrónico |